| 000 | 00920cam a22002895i 4500 | ||
|---|---|---|---|
| 001 | 18674198 | ||
| 003 | ARRUPE | ||
| 005 | 20160203115800.0 | ||
| 008 | 150625s2015 mau 000 0 eng | ||
| 010 | _a 2015944954 | ||
| 020 | _a9780819854667 (pbk.) | ||
| 020 | _a0819854662 (pbk.) | ||
| 020 | _a9780819854681 (mobi) | ||
| 020 | _a0819854689 (mobi) | ||
| 040 |
_aDLC _beng _erda _cDLC _dDLC |
||
| 042 | _apcc | ||
| 050 |
_aBX4705.R669 _bM871 |
||
| 100 | 1 |
_aDella Rocca, Morozzo Roberto _921357 |
|
| 245 | 1 | 0 |
_aOscar Romero : _bprophet of hope / _cRoberto Morozzo Della Rocca; foreword by Hosffman Ospino, PhD; preface by Andrea Riccardi. |
| 260 |
_aLondon _bDarton, Longman and Todd _c2015 |
||
| 300 |
_axv, 234p.; _c20cm. |
||
| 600 |
_aRomero, Oscar _98087 |
||
| 700 |
_aDella Rocca, _921358 |
||
| 906 |
_a0 _bibc _corignew _d2 _eepcn _f20 _gy-gencatlg |
||
| 942 |
_2lcc _cMONOGRAPH |
||
| 999 |
_c123892 _d123892 |
||